Search the Library Catalogue
| 000 -LEADER | |
|---|---|
| fixed length control field | 00599nam a2200205Ia 4500 |
| 008 - FIXED-LENGTH DATA ELEMENTS--GENERAL INFORMATION | |
| fixed length control field | 191130s2004##################000#0#eng## |
| 020 ## - INTERNATIONAL STANDARD BOOK NUMBER | |
| ISBN | 9781594510410 |
| 082 ## - DEWEY DECIMAL CLASSIFICATION NUMBER | |
| Classification number | 306.42 SAY |
| 100 ## - MAIN ENTRY--AUTHOR NAME | |
| Personal name | Sayer, Derek |
| 245 ## - TITLE STATEMENT | |
| Title | Going down for air : a memoir in search of a subject |
| Statement of responsibility, etc | Derek Sayer |
| 260 ## - PUBLICATION, DISTRIBUTION, ETC. (IMPRINT) | |
| Place of publication | Boulder, CO |
| Name of publisher | Paradigm Publishers |
| Year of publication | ©2004 |
| 300 ## - PHYSICAL DESCRIPTION | |
| Number of Pages | x, 201 p. : ill. ; 23 cm |
| 500 ## - GENERAL NOTE | |
| General note | Includes index |
| 650 ## - SUBJECT ADDED ENTRY--TOPICAL TERM | |
| Topical Term | Group identity |
| Topical Term | Memory -- Social aspects |
| 991 ## - | |
| -- | 199743 |
| Withdrawn status | Lost status | Damaged status | Not for loan | Home library | Current library | Shelving location | Date acquired | Full call number | Accession Number | Price effective from | Koha item type |
|---|---|---|---|---|---|---|---|---|---|---|---|
| Anna Centenary Library | Anna Centenary Library | 3RD FLOOR, B WING | 13.10.2020 | 306.42 SAY | 136390 | 13.10.2020 | English Books |